People in the Bible - Statistics

General Stats
  • This quiz has been taken 242 times
  • The average score is 13 of 16
Answer Stats
Hint Answer % Correct
The first person created Adam
99%
The man who built an ark Noah
98%
The prophet that baptized Jesus John
94%
Man who led the Israelites out of slavery in Egypt Moses
93%
Jesus' earthly father Joseph
92%
The man who betrayed Jesus Judas
90%
The father of Ishmael and Isaac Abraham
86%
This man was swallowed by a giant fish Jonah
80%
Apostle of Jesus, whose name used to be Saul Paul
79%
One of Jesus' disciples, whose name means 'Rock' Peter
79%
One of Lazarus' sisters Martha/Mary
74%
The first king of the Israelites Saul
70%
The man after God's own heart David
69%
The woman who saved the Jews after becoming queen Esther
64%
The oldest person in the Bible Methuselah
60%
Aaron's sister Miriam
42%
No matching quizzes found
Score Distribution
Percent of People with Each Score
Percentile by Number Answered
Your Score History
You have not taken this quiz